00702nam a2200181 a 450000500170000000800410001702000180005805000230007610000190009924500680011826000370018630000190022352000980024265000180034065000210035899900190037995201220039820140412111342.0040114s19uu xx 00 eng d a0-689-81581-6 aTR(PS EbWe37 1989 aRosen, Michael aWe're going on a bear hunt /cby Michael Rosen, Helen Oxenbury. aNew York :bLittle Simon,c1989. a[33] p. ; ill. aThe tale of a brave family's joyous romp through sweeping landscapes is sure to win new fans. aOutdoor games aChildren stories c105146d105146 00104050aELbELcTRd2004-01-14eLibFundg329.00l0oTR(PS E We37 1989pE9486r2014-04-12 00:00:00w2014-04-12yBK